000 00737nam a2200205 i 4500
001 20388
003 ES-MaACL
005 20250907063034.0
007 t|
008 021112s1903 sp |||| | spa d
100 1 _aAgulló y Prats, Buenaventura,
_d1846-1907
_918904
245 1 0 _aCódigo territorial /
_cproyecto escrito por Buenaventura Agulló y Prats.
260 _aMadrid :
_b[s.n.],
_c1903 (
_fEstab. Tip. de Antonio Marzo)
300 _a138 p. ;
_c22 cm.
530 _aDisponible en formato digital.
650 4 _aPropiedad inmobiliaria-
_zEspaña.
_916487
852 _aES-MaACL
_jT-1016-F-6
856 _uhttp://bdh-rd.bne.es/viewer.vm?id=0000086002&page=1
_zBiblioteca Digital Hispánica
999 _c20388
_d20388